Abnormal psychology : Current perspectives
Part one: Introduction to abnormal psychology. Abnormal psychology: historical perspectives -- Diagnosis and assessment -- Research methods in abnormal psychology -- Part two: Theoretical perspectives. The behavioral, cognitive, and sociocultural perspectives -- The psychodynamic, humanistic-existen...
שמור ב:
| מחבר ראשי: | |
|---|---|
| פורמט: | ספר |
| שפה: | Undetermined |
| יצא לאור: |
Boston, MA.
McGraw-Hill
2004
|
| נושאים: | |
| תגים: |
הוספת תג
אין תגיות, היה/י הראשונ/ה לתייג את הרשומה!
|
| Thư viện lưu trữ: | Trung tâm Học liệu Trường Đại học Cần Thơ |
|---|
| LEADER | 01651nam a2200217Ia 4500 | ||
|---|---|---|---|
| 001 | CTU_214958 | ||
| 008 | 210402s9999 xx 000 0 und d | ||
| 082 | |a 616.89 | ||
| 082 | |b A441 | ||
| 100 | |a Alloy, Lauren B. | ||
| 245 | 0 | |a Abnormal psychology : | |
| 245 | 0 | |b Current perspectives | |
| 245 | 0 | |c Lauren B. Alloy, John H. Riskind and Margaret J. Manos | |
| 260 | |a Boston, MA. | ||
| 260 | |b McGraw-Hill | ||
| 260 | |c 2004 | ||
| 520 | |a Part one: Introduction to abnormal psychology. Abnormal psychology: historical perspectives -- Diagnosis and assessment -- Research methods in abnormal psychology -- Part two: Theoretical perspectives. The behavioral, cognitive, and sociocultural perspectives -- The psychodynamic, humanistic-existential, and interpersonal perspectives -- The neuroscience perspective -- Part three: Emotional and behavioral disorders. Anxiety disorders -- Dissociative and somatoform disorders -- Stress and physical disorders -- Mood disorders -- Personality disorders -- The Nature of substance dependence and abuse -- Sexual dysfunctions, paraphilias, and gender identity disorders -- Part four: Psychotic and neuropsychological disorders. Schizophrenia and delusional disorder -- Neuropsychological disorders -- Part five: Developmental disorders. Disorders of childhood and adolescence -- Mental retardation and autism -- Part six: Legal and ethical issues in abnormal psychology -- Legal and ethical issues in abnormal psychology. | ||
| 650 | |a Psychology, pathological | ||
| 904 | |i Minh | ||
| 910 | |a Sách kèm theo đĩa số ĐKCB : AV.004985 | ||
| 980 | |a Trung tâm Học liệu Trường Đại học Cần Thơ | ||